000 01145nam0a2200313 i 4500
001 RU\NLR\BIBL_A\010015187
005 20241103125544.0
010 _a9785957326625
021 _aRU
_b2013-89525
_96185
035 _a(NILC)RuMoRGB-006691184
035 _a(NLR Aleph) 010015187
090 _a9873499
_c9873499
100 _a20131217d2013 km y0rusy50 ca
101 1 _arus
_ceng
102 _aRU
105 _aa||||||||||||
200 1 _aЛовушка для удачи
_eкак стать везунчиком и баловнем судьбы
_fМарк Аллен
_g[пер. с англ. О.П. Бурмаковой]
210 _aСанкт-Петербург
_cВесь
_d2013
215 _a113 с.
_cил., портр.
_d19
333 _a16+
606 _aУспех
_jПопулярные издания
_xСоциально-психологические исследования
_92074287
_3RU\NLR\AUTH\661249276
675 _a159.98
686 1 _aС550.354я9
700 1 _aАллен
_bМ.
_gМарк
801 0 _aRU
_bRuMoRKP
_c20131105
_gRCR
801 2 _aRU
_bРГБ
_c20131205
_grcr
942 _cBOOK
980 _aNBR